000 00493nam a2200169 i 4500
001 34833
003 ES-MaACL
005 20251003063050.0
007 t|
008 030211s1921 sp ||||1| spa d
100 1 _aBoix, Emilio,
_d1859-1953
_929888
245 1 3 _aEl bazar en la República Argentina /
_cEmilio Boix.
260 _aMadrid :
_b[s.n.,
_c1921] (
_fImp. del Ministerio de Estado)
300 _a14 p. ;
_c23 cm.
852 _aES-MaACL
_j1615-F-12
999 _c34833
_d34833